Quasiparticles Described by the Gross–Pitaevskii Equation in the Semiclassical Approximation; Russian Physics Journal; Vol. 58, iss. 5

Bibliographic Details
Parent link:Russian Physics Journal: Scientific Journal.— , 1965-
Vol. 58, iss. 5.— 2015.— [P. 606-615]
Main Author: Kulagin A. E. Anton Evgenievich
Corporate Authors: Национальный исследовательский Томский политехнический университет (ТПУ) Физико-технический институт (ФТИ) Кафедра высшей математики и математической физики (ВММФ), Национальный исследовательский Томский политехнический университет (ТПУ) Физико-технический институт (ФТИ) Кафедра высшей математики и математической физики (ВММФ) Международная лаборатория математической физики (МЛМФ)
Other Authors: Trifonov A. Yu. Andrey Yurievich, Shapovalov A. V. Aleksandr Vasilyevich
Summary:Title screen
Semiclassical asymptotics of the two-dimensional nonlocal Gross–Pitaevskii equation are constructed. The dynamics of the initial state, being a superposition of two wave packets, is investigated. The discrepancy of the obtained solution is investigated. The constructed asymptotic solutions are interpreted as a description of the interaction of two quasiparticles in the semiclassical approximation. A system of equations for the quasiparticle dynamics is obtained.
Режим доступа: по договору с организацией-держателем ресурса
Language:English
Published: 2015
Subjects:
Online Access:http://dx.doi.org/10.1007/s11182-015-0540-7
Format: Electronic Book Chapter
KOHA link:https://koha.lib.tpu.ru/cgi-bin/koha/opac-detail.pl?biblionumber=645301

MARC

LEADER 00000nla0a2200000 4500
001 645301
005 20250321140121.0
035 |a (RuTPU)RU\TPU\network\10385 
035 |a RU\TPU\network\10122 
090 |a 645301 
100 |a 20151215d2015 k||y0rusy50 ba 
101 0 |a eng 
135 |a drcn ---uucaa 
181 0 |a i  
182 0 |a b 
200 1 |a Quasiparticles Described by the Gross–Pitaevskii Equation in the Semiclassical Approximation  |f A. E. Kulagin, A. Yu. Trifonov, A. V. Shapovalov 
203 |a Text  |c electronic 
300 |a Title screen 
320 |a [References: p. 615 (15 tit.)] 
330 |a Semiclassical asymptotics of the two-dimensional nonlocal Gross–Pitaevskii equation are constructed. The dynamics of the initial state, being a superposition of two wave packets, is investigated. The discrepancy of the obtained solution is investigated. The constructed asymptotic solutions are interpreted as a description of the interaction of two quasiparticles in the semiclassical approximation. A system of equations for the quasiparticle dynamics is obtained. 
333 |a Режим доступа: по договору с организацией-держателем ресурса 
461 |t Russian Physics Journal  |o Scientific Journal  |d 1965- 
463 |t Vol. 58, iss. 5  |v [P. 606-615]  |d 2015 
610 1 |a электронный ресурс 
610 1 |a труды учёных ТПУ 
610 1 |a уравнения Гросса-Питаевского 
610 1 |a квазиклассическая асимптотика 
700 1 |a Kulagin  |b A. E.  |c mathematician  |c Associate Professor of Tomsk Polytechnic University, Candidate of Physical and Mathematical Sciences  |f 1992-  |g Anton Evgenievich  |3 (RuTPU)RU\TPU\pers\35727  |9 18885 
701 1 |a Trifonov  |b A. Yu.  |c physicist, mathematician  |c Professor of Tomsk Polytechnic University, Doctor of physical and mathematical sciences  |f 1963-  |g Andrey Yurievich  |3 (RuTPU)RU\TPU\pers\30754 
701 1 |a Shapovalov  |b A. V.  |c mathematician  |c Professor of Tomsk Polytechnic University, Doctor of physical and mathematical sciences  |f 1949-  |g Aleksandr Vasilyevich  |3 (RuTPU)RU\TPU\pers\31734 
712 0 2 |a Национальный исследовательский Томский политехнический университет (ТПУ)  |b Физико-технический институт (ФТИ)  |b Кафедра высшей математики и математической физики (ВММФ)  |3 (RuTPU)RU\TPU\col\18727 
712 0 2 |a Национальный исследовательский Томский политехнический университет (ТПУ)  |b Физико-технический институт (ФТИ)  |b Кафедра высшей математики и математической физики (ВММФ)  |b Международная лаборатория математической физики (МЛМФ)  |3 (RuTPU)RU\TPU\col\21297 
801 2 |a RU  |b 63413507  |c 20161020  |g RCR 
856 4 0 |u http://dx.doi.org/10.1007/s11182-015-0540-7 
942 |c CF